Passwort Deutsch. Зошит для вправ 2 (Запис № 285689)
[ простий вигляд ]
| 000 -LEADER | |
|---|---|
| fixed length control field | 01096nam a22001697a 4500 |
| 020 ## - INTERNATIONAL STANDARD BOOK NUMBER | |
| International Standard Book Number | 9786177074587 |
| 041 ## - LANGUAGE CODE | |
| Language code of text/sound track or separate title | ger |
| 080 ## - UNIVERSAL DECIMAL CLASSIFICATION NUMBER | |
| Universal Decimal Classification number | 80 |
| 090 ## - LOCALLY ASSIGNED LC-TYPE CALL NUMBER (OCLC); LOCAL CALL NUMBER (OCLC) | |
| Local cutter number (OCLC) ; Book number/undivided call number, CALL (RLIN) | HES |
| 100 ## - MAIN ENTRY--PERSONAL NAME | |
| Personal name | Gabyn Grübhaber, Oliver Hesslmann, Angela Kilimann |
| 245 ## - TITLE STATEMENT | |
| Title | Passwort Deutsch. Зошит для вправ 2 |
| 260 ## - PUBLICATION, DISTRIBUTION, ETC. (IMPRINT) | |
| Place of publication, distribution, etc | Київ |
| Name of publisher, distributor, etc | Методика |
| Date of publication, distribution, etc | 2014 |
| 300 ## - PHYSICAL DESCRIPTION | |
| Extent | 212 |
| 520 ## - SUMMARY, ETC. | |
| Summary, etc | Курс складається з трьох частин і дає змогу опанувати базовий рівень німецької мови та підготуватися до іспиту на сертифікат з німецької мови (Zertsfikat Deutsch) відповідно до Загальноєвропейских рекомендацій з мовної освіти. У "Password Deutsch" запропоновано багато вправ з різним ступенем складності, різноманітні тексти для читання та грунтовно дібраний додатковий матеріал. |
| -- | Deutsch, Passwort |
| 650 ## - SUBJECT ADDED ENTRY--TOPICAL TERM | |
| Topical term or geographic name as entry element | German |
| 942 ## - ADDED ENTRY ELEMENTS (KOHA) | |
| Koha item type | Книги |
| Withdrawn status | Lost status | Source of classification or shelving scheme | Damaged status | Not for loan | Home library | Current library | Date acquired | Source of acquisition | Cost, normal purchase price | Total Checkouts | Full call number | Barcode | Date last seen | Price effective from | Koha item type |
|---|---|---|---|---|---|---|---|---|---|---|---|---|---|---|---|
| Universal Decimal Classification | Ресурсний центр вивчення іноземних мов ім. Олексія Ізментінова | Ресурсний центр вивчення іноземних мов ім. Олексія Ізментінова | 24/10/2016 | №42 | 156.00 | 80 | 215857 | 09/12/2021 | 24/10/2016 | Книги |